Quizzes
Events
Quiz Creation
Community
Videos
Private Events
Remove Ads
Sign In
Join for FREE
Feedback
Dark Mode
Quiz Categories
Sports
Geography
Music
Movies
Television
Just For Fun
Miscellaneous
History
Literature
Language
Science
Gaming
Entertainment
Religion
Holiday
For Kids
Quiz Lab
Recent
Popular Today
Quiz Kudos Today
Editor Picks
Curator Picks
Quizzes by...
Day
Popularity
Type
Ratings
Length
Year
Community
Subscriptions
Recent Discussions
Orange Saloon
Badges
Playlists
Quests
Create
Leaderboards
Showdown
Live 5
Trivia Bingo
Activity
Puzzle Library
Sporcle Events
Private Events
Virtual Trivia
Globe League
Become a Host
Pub Owners
SporcleCon
Opinionation
Our Games
Videos
Blog
Mobile Apps
Partnerships
Remove Ads and Go Orange
Feedback
Television
TV Characters
TV Show
Sitcom
Network
Friends
Reality Shows
Cast
South Park
Star Trek
The Simpsons
Doctor Who
Television
TV Characters
TV Show
Sitcom
Network
Friends
Reality Shows
Cast
South Park
Star Trek
The Simpsons
Doctor Who
Random Quiz
Search Sporcle
×
Quiz Lab
Quiz Lab
Television
Charmed
Type in answers that appear in a list
Type in answers that appear in a list
Classic
Best Score? Go Orange.
Everything Charmed Stats
Can you name the Charmed Facts?
By
bieberfan_25
10m
20 Questions
1,758 Plays
1,758 Plays
1,758 Plays
Comments
Comments
Give Quiz Kudos
Give Quiz Kudos
-
- Ratings
hide this ad
Replay
Link that replays current quiz
Next Quiz
Link to next quiz in quiz playlist
You Got
0%
They Got
Avg Score
78%
Avg Friend Score
Upgrade to see
Score Distribution
Jump to the score distribution portion of the page
Score
0/20
Timer
10:00
0
Plays Today
Answer
% Correct
Wyatt
98.4%
P3
97.5%
Sam
96%
Paige
92.9%
Book of Shadows
91.3%
Whitelighter
90.7%
Halliwell
90.6%
Mermaid
89.7%
Andy
88.6%
Quake
88.3%
Answer
% Correct
Shax
86.3%
Henry
82.9%
Melinda Warren
80.4%
The Avatars
71.9%
Water demon
69.9%
Bucklands
68%
Psychology
62.5%
WWII
53.6%
Firefighter
37.2%
Billie and Christie
34.8%
Quiz Playlist
Details
Report
Send in Message
Add To Playlist
Classic:
Type in answers that appear in a list
Last Updated: Feb 16, 2017
Quiz Scoreboard
CHALLENGE
Sign Up to Join the Scoreboard
Show All
Scores
Hide
Comments
May contain spoilers
Recently Published
Billboard Blitz: Fleetwood Mac
by CooCooCachoo
Music
15s
Presidents Visiting Landmarks
by Hejman
History
7m
An Introduction to Baseball
by treessimontrees
Sports
5m
More to Explore
Quiz From the Vault
Featured Blog Post
Where Did the Easter Bunny Come From?
hide this ad
You Might Also Like...
Tags
Charmed
Everything
Today's Top Quizzes in Television
Browse Television
hide this ad
Today's Top Quizzes in Charmed
Browse Charmed
Top Contributed Quizzes in Television
1
5-to-1: The Simpsons Families
2
5-to-1: Television Doctors
3
7-to-1: TV Show Settings
4
One Piece Logic Puzzle
5
5-to-1: Streaming Originals
6
Survivor Seasons
7
Survivor Logic Puzzle: Heroes vs. Villains
8
TV Shows by First Names
9
Survivor Season by Logo
10
Survivor Trivia
Explore More
Trending Topics
NBA
Disney
Anime
Harry Potter
Crossword
Marvel
Kpop
Soccer
Country
Puzzle
Pokémon
Song
NFL
The Office
WWE
hide this ad
More By:
bieberfan_25
Quiz
Plays
Rating
Category
Featured
Created
Everything Charmed
1,758
3.80
Television
Nov 11, 2011
Laguna Beach Cast
561
1.00
Television
Nov 11, 2011
Go to Creator's Profile
Score Distribution
Quiz Creator Spotlight
bieberfan_25
Follow
Send a Message
Quizzes Created
-
Created Quiz Play Count
-
More By This Creator
Popular Quizzes Today
1
Find the US States - No Outlines Minefield
2
Find the Countries of Europe - No Outlines Minefield
3
The Countries of the World
4
Find the US States
5
Risky Map Clicking: Biggest States A-Z
6
US States
7
Popular People in 1961
8
Movies - When Are They Set?
More Television Quizzes
Click the Cartoon Cook
Published
Trending Quizzes
Risky Map Clicking: Least Populous States A-Z
1-10 Letter G Words
1-10 Letter F Words
Risky Map Clicking: Next State Alphabetically
Risky Map Clicking: Biggest States A-Z
Recently Updated
Leaping Animals
pecheneg
Reality TV Shows (A-Z)
bhenderson79
Rickey Henderson's Hall of Fame Teammates
pecheneg
Champions League XIs: Arsenal
pecheneg
Quick Pick: Celebrities in WWE's Hall of Fame
aduchscher
A-Z Keypad Blitz II
pecheneg
Multiple Oscar Actors
pecheneg
Mystery Phrase Blitz: Oscar 'Best Actors'
pecheneg
F. Scott Fitzgerald Novels
LTH
Pick 3 Villains
ddd62291
Trending Topics
Harry Potter
Crossword
Disney
Marvel
Kpop
Anime
NBA
Country
WWE
The Office
Pokémon
Song
Puzzle
NFL
Soccer
Your Account Isn't Verified!
In order to create a playlist on Sporcle, you need to verify the email address you used during registration. Go to your
Sporcle Settings
to finish the process.
Report this User
Report this user for behavior that violates our
Community Guidelines
.
Details:
Send Report
Go to the Sporcle.com Mobile Site →
Comments